00754nam a2200193 a 450000100100000000500170001000800410002702000180006804000250008608200150011110000490012624500840017526000400025930000270029950000740032650400300040095201130043099900170054300004435120201002045318.0140620s2011 bl a 000 0 spa d a9788564527003 aDO-SdBNPbspacBNPHU axxxxbxxxx1 aPastana, Grace Irene Imbirida,d1957-97235610aEconomía solidária :beducão & autonomia /cGrace Irene Imbirida Pastana. aRio de Janeiro :bTecnoarte,c2011. a79 p. :bil. ;c21 cm. aIncluye datos biográficos de la autora en la solapas de la cubierta aBibliografía : p. 77-79 001050718MOaGRbGRcCTd2014-06-20iLF1l0oxxxx xxxxp44351-10r2020-06-25w2020-06-25y1ZNo se presta c43840d43840